| 000 | 006110000a22001210004500 | ||
|---|---|---|---|
| 100 | 1 | _aCoperías, Enrique M. | |
| 245 | 1 | 0 | _aComo seremos en el futuro |
| 300 | _aVol.17, no.193 (2000),p. 18-25 | ||
| 520 | _aLa densidad de transitores en los chips de los computadores no ha hecho más que aumentar desde que en los años sesenta aparecieron los circuitos integrados. Para algunos antropólogos, éste espetacular desarrollo de la electrónica podría influir en la evolución humana, sólo si se traduce en una ventaja reproductora. | ||
| 650 | 1 | 4 | _aTECNOLOGÍA |
| 773 | 0 | _tRevista muy interesante | |
| 942 | _cANA | ||
| 999 |
_c63222 _d63222 |
||